Normal view
MARC view
Entry Topical Term
001 - CONTROL NUMBER
- control field: 1270
003 - CONTROL NUMBER IDENTIFIER
- control field: OSt
005 - DATE AND TIME OF LATEST TRANSACTION
- control field: 20230420151226.0
008 - FIXED-LENGTH DATA ELEMENTS
- fixed length control field: 230420|| aca||aabn | a|a d
040 ## - CATALOGING SOURCE
- Original cataloging agency: OSt
- Transcribing agency: OSt
150 ## - HEADING--TOPICAL TERM
- Topical term or geographic name entry element: Language and languages--Sex differences
670 ## - SOURCE DATA FOUND
- Source citation: Work cat.: (OSt): Tannen, Deborah 1266, Talking from 9 to 5 : how women's and men's conversation styles affect who gets heard, who gets credit, and what det done at work. /, 1994.
